| 000 | 00527nam a22001457a 4500 | ||
|---|---|---|---|
| 008 | 150209b xxu||||| |||| 00| 0 eng d | ||
| 020 | _a9780595350711 | ||
| 050 | _aBL2480.A4 O61 | ||
| 100 |
_aOpokuwaa, Nana A. K. _914950 |
||
| 245 |
_aThe Quest for Spiritual Transformation _bintroduction to traditional Akan religion, rituals and practices _cNana A. K. Opokuwaa |
||
| 260 |
_aNew York _biUniverse, Inc. _c2005 |
||
| 300 |
_axxv, 174p. ; _c23cm. |
||
| 650 |
_aAkan (African people) _xreligions _914951 |
||
| 942 |
_2lcc _cMONOGRAPH |
||
| 999 |
_c121991 _d121991 |
||